Management používání a údržby vojenských vozidel a materiálu ... sborník příspěvků : ... konference

Corporate Author: Univerzita obrany. Katedra logistiky
Other Authors: Management používání a údržby vojenských vozidel (konference)
Language: Slovak
Czech
English
Published: Brno : Univerzita obrany, 2010-
Subjects:
Physical Description: ^^^CD-ROM : barev. ; 12 cm
Subscribed volumes: 5(2010)-6,7(2011,2012)-
Language note: Část. anglický a slovenský text
Newspaper or Journal
Saved in:
LEADER 03165nas a2200697 a 4500
001 001366610
003 CZ BrMZK
005 20140213093602.0
006 m d
007 co cg
008 130806c20109999xr ar ps 1 b0cze
015 |a cnb002481832  |z cnb002164040 
040 |a BOA001  |b cze 
041 0 |a cze  |a eng  |a slo 
072 7 |a 623  |x Vojenská technika  |2 Konspekt  |9 19 
080 |a 623.437/.438  |2 MRF 
080 |a 623  |2 MRF 
080 |a 629.083  |2 MRF 
080 |a 658.58  |2 MRF 
080 |a 355.41  |2 MRF 
080 |a (062.534)  |2 MRF 
080 |a (0.034.44)  |2 MRF 
111 2 |a Management používání a údržby vojenských vozidel (konference)  |7 kn20080313005 
245 1 0 |a Management používání a údržby vojenských vozidel a materiálu ...  |h [elektronický zdroj] :  |b sborník příspěvků : ... konference 
246 3 3 |a Management používání a údržby vojenské techniky a materiálu ...  |i Název na pouzdře: 
260 |a Brno :  |b Univerzita obrany,  |c 2010- 
300 |a ^^^CD-ROM :  |c 12 cm  |b barev. ; 
310 |a Periodicita není známa 
362 0 |a 5 (2010)- 
500 |a Název z titulní obrazovky 
500 |a Součástí názvu je označení běžného roku nebo rozmezí let, součástí podnázvu je označení pořadí akce římskou číslicí a další podnázev tvoří datum a místo konání, které se mění 
500 |a Nad názvem: Univerzita obrany, Fakulta ekonomiky a managementu, Katedra logistiky 
538 |a Požadavky na systém: Adobe Acrobat Reader 
541 |c pv-cdr-r 
546 |a Část. anglický a slovenský text 
650 0 7 |a vojenská vozidla  |7 ph127185  |2 czenas 
650 0 7 |a vojenská technika  |7 ph138823  |2 czenas 
650 0 7 |a opravy a údržba dopravních prostředků  |7 ph136664  |2 czenas 
650 0 7 |a management údržby  |7 ph388321  |2 czenas 
650 0 7 |a logistika (vojenství)  |7 ph136847  |2 czenas 
650 0 9 |a military vehicles  |2 eczenas 
650 0 9 |a military engineering  |2 eczenas 
650 0 9 |a vehicle maintenance and repair  |2 eczenas 
650 0 9 |a maintenance management  |2 eczenas 
650 0 9 |a logistics (military art and science)  |2 eczenas 
655 7 |a sborníky konferencí  |7 fd133333  |2 czenas 
655 7 |a CD-ROM  |7 fd133955  |2 czenas 
655 9 |a proceedings of conferences  |2 eczenas 
655 9 |a CD-ROM  |2 eczenas 
710 2 |a Univerzita obrany.  |b Katedra logistiky  |7 mzk2008412638 
902 |a 978-80-7231-770-7  |q (2010) 
902 |a 978-80-7231-907-7  |q (2011, 2012) 
902 |a 978-80-7231-954-1  |q (2013) 
910 |a BOA001  |b CDR-1284.100  |s 5(2010)-6,7(2011,2012)- 
952 |a e-xr- 
990 |a SE 
995 |a 01 
991 |b 201402 
996 3 |b 2610517225  |c CDR-1284.100  |d 2010 5  |v 2010  |i 5  |y 2010  |l Stud. periodik/2.patro  |r Sklad / do 1 hodiny  |n 0  |p cdr-p.v.  |w 001401413  |u 000030  |a 1  |e BOA001  |j MZK50  |s N 
996 3 |b 2610535556  |c CDR-1284.100  |d 2011-2012 6-7  |v 2011-2012  |i 6-7  |y 2011-2012  |l Stud. periodik/2.patro  |r Sklad / do 1 hodiny  |n 0  |p cdr-p.v.  |w 001401413  |u 000010  |a 1  |e BOA001  |j MZK50  |s N 
996 3 |b 2610578180  |c CDR-1284.100  |d 2013 8  |v 2013  |i 8  |y 2013  |l Stud. periodik/2.patro  |r Sklad / do 1 hodiny  |n 0  |p cdr-p.v.  |w 001401413  |u 000020  |a 1  |e BOA001  |j MZK50  |s N